[Event "Druzynowe Mistrzostwa Polski Juniorow - II liga"]
[Site "Sypniewo k. Jastowia"]
[Date "2024-06-17"]
[Round "5.56"]
[White "Trusewicz, Jakub"]
[Black "Jablonski, Antoni"]
[Result "0-1"]
[WhiteTitle "II"]
[BlackTitle "I+"]
[WhiteElo "1573"]
[BlackElo "1938"]

1. e4 c5 2. c3 d6 3. d4 Nf6 4. Bd3 a6 5. Nf3 Bg4 6. h3 Bxf3 7. Qxf3 Nc6 8. Be3
e6 9. O-O d5 10. e5 Nd7 11. Nd2 Qb6 12. Rab1 Be7 13. Qg3 g6 14. Nf3 O-O-O 15.
dxc5 Bxc5 16. Bxc5 Nxc5 17. Be2 Qc7 18. Qf4 Rhf8 19. Qe3 Nd7 20. b4 Ncxe5 21.
Nd4 Nb6 22. Nb3 Nec4 23. Bxc4 Nxc4 24. Qa7 Qb6 25. Qxb6 Nxb6 26. Rfe1 Nc4 27.
f4 Kc7 28. Nd4 Kd6 29. Rbd1 Rc8 30. Re2 Rc7 31. Kf2 Nb6 32. Rd3 Rfc8 33. Rc2 Na4
34. Ne2 Rc4 35. Kf3 Rxb4 0-1

[Event "Druzynowe Mistrzostwa Polski Juniorow - II liga"]
[Site "Sypniewo k. Jastowia"]
[Date "2024-06-17"]
[Round "5.57"]
[White "Modzelan, Wojciech"]
[Black "Trusewicz, Remigiusz"]
[Result "0-1"]
[WhiteTitle "II"]
[BlackTitle "II"]
[WhiteElo "1568"]
[BlackElo "1645"]

1. d4 Nf6 2. c4 e6 3. Nc3 Bb4 4. Qc2 c5 5. a3 Bxc3+ 6. bxc3 Nc6 7. Nf3 d5 8. e3
O-O 9. cxd5 exd5 10. Be2 Qc7 11. O-O c4 12. Nd2 Re8 13. Bf3 Kh8 14. Re1 Bg4 15.
h3 Bxf3 16. Nxf3 Ne4 17. Nd2 f5 18. Rb1 Re6 19. Rb5 Rd8 20. Qb2 b6 21. a4 Rg6
22. Qa3 h6 23. Nf3 Nxf2 24. Nh4 Nxh3+ 25. Kf1 Rg4 26. Nf3 Ng5 27. Nxg5 Rxg5 28.
Qa2 Qh2 29. Qf2 Qd6 30. Rb2 Rg4 31. Qg1 Na5 32. Ra2 Re8 33. Rf2 Qe6 0-1

[Event "Druzynowe Mistrzostwa Polski Juniorow - II liga"]
[Site "Sypniewo k. Jastowia"]
[Date "2024-06-17"]
[Round "5.59"]
[White "Babinska, Liwia"]
[Black "Michalak, Katarzyna"]
[Result "1-0"]
[WhiteTitle "I"]
[BlackTitle "I"]
[WhiteElo "1702"]
[BlackElo "1702"]

1. e4 c5 2. Nf3 e6 3. d4 cxd4 4. Nxd4 a6 5. a3 Qc7 6. Nc3 b5 7. Bd3 Bb7 8. O-O
Nf6 9. Re1 Be7 10. Kh1 O-O 11. f4 d6 12. Re3 Nbd7 13. Rg3 Nc5 14. f5 Nfxe4 15.
Nxe4 Bxe4 16. Qg4 Bxg2+ 17. Rxg2 g6 18. fxg6 fxg6 19. Bh6 Rf6 20. Bg5 Nxd3 21.
Bxf6 Bxf6 22. cxd3 e5 23. Qe6+ Kg7 24. Nf5+ 1-0

[Event "Druzynowe Mistrzostwa Polski Juniorow - II liga"]
[Site "Sypniewo k. Jastowia"]
[Date "2024-06-17"]
[Round "5.61"]
[White "Nowak, Maciej"]
[Black "Stupak, Bartosz"]
[Result "1-0"]
[WhiteTitle "I"]
[BlackTitle "III"]
[WhiteElo "1791"]
[BlackElo "1431"]

1. e4 c5 2. c3 Nf6 3. e5 Nd5 4. d4 cxd4 5. Nf3 e6 6. cxd4 d6 7. Bc4 Nc6 8. O-O
Be7 9. Qe2 O-O 10. Bd2 Bd7 11. Nc3 Nb6 12. Bd3 Nb4 13. Bb1 Be8 14. Qe4 f5 15.
exf6 Bxf6 16. Qxh7+ Kf7 17. Re1 N4d5 18. Nxd5 Nxd5 19. Qh5+ Kg8 20. Bh7+ Kh8 21.
Bg6+ Kg8 22. Qh7# 1-0

[Event "Druzynowe Mistrzostwa Polski Juniorow - II liga"]
[Site "Sypniewo k. Jastowia"]
[Date "2024-06-17"]
[Round "5.62"]
[White "Businski, Jan"]
[Black "Wieckowski, Igor"]
[Result "1/2-1/2"]
[WhiteTitle "II"]
[BlackTitle "I"]
[WhiteElo "1633"]
[BlackElo "1623"]

1. d4 Nf6 2. c4 e5 3. dxe5 Ng4 4. Nf3 Nc6 5. Nc3 Ngxe5 6. Nxe5 Nxe5 7. e3 Bb4 8.
Qd4 Qe7 9. Bd2 Bxc3 10. Bxc3 f6 11. Be2 O-O 12. O-O d6 13. b3 Be6 14. Rfe1 Rfd8
15. Qd2 Kh8 16. f4 Nd7 17. Bf3 Rab8 18. e4 Nc5 19. Qe3 Re8 20. Bd4 b6 21. Re2
Nd7 22. Rae1 a5 23. e5 dxe5 24. fxe5 f5 25. Bc6 Rf8 26. Bxd7 Qxd7 27. Rf1 a4 28.
Qc3 Qc6 29. Rc2 Rbd8 30. Be3 Rd7 31. Rd2 Rfd8 32. Rfd1 Rxd2 33. Rxd2 Rxd2 34.
Qxd2 Qd7 35. Kf2 Qxd2+ 36. Bxd2 Kg8 37. Bg5 c6 38. Ke3 Kf7 39. Bd8 b5 40. bxa4
bxa4 41. Kd4 Ke8 42. Bh4 Kd7 43. a3 Bf7 44. Bg3 Be6 45. Bf4 Bf7 46. Bg3 Be6 1/2-1/2

[Event "Druzynowe Mistrzostwa Polski Juniorow - II liga"]
[Site "Sypniewo k. Jastowia"]
[Date "2024-06-17"]
[Round "5.63"]
[White "Szmolke, Stanislaw"]
[Black "Pieszko, Antoni"]
[Result "1/2-1/2"]
[WhiteTitle "I"]
[BlackTitle "II+"]
[WhiteElo "1760"]
[BlackElo "1596"]

1. e4 c5 2. c3 Nf6 3. e5 Nd5 4. d4 cxd4 5. cxd4 d6 6. Bc4 e6 7. Nf3 Nc6 8. O-O
Be7 9. a3 Bd7 10. Bd2 Rc8 11. Qe2 O-O 12. Nc3 Nxc3 13. Bxc3 Qc7 14. Bd3 f5 15.
exf6 Bxf6 16. Qe4 g6 17. d5 Nd8 18. Bxf6 Rxf6 19. Qh4 Kg7 20. Ng5 h6 21. Nxe6+
Nxe6 22. dxe6 Bxe6 23. Rfe1 Qb6 24. Re2 Rc5 25. Rae1 Rh5 26. Qa4 Bf7 27. Qc2 Rc5
28. Qb1 Rg5 29. Qc2 h5 30. Qd2 Rd5 31. Qe3 Qc7 32. Qg3 Qa5 33. h4 Rd4 34. Be4
Qa4 35. b4 Qb5 36. Qc3 Rd1 37. Rxd1 Qxe2 38. Bf3 Qe7 39. Qd4 b6 40. Rc1 1/2-1/2

[Event "Druzynowe Mistrzostwa Polski Juniorow - II liga"]
[Site "Sypniewo k. Jastowia"]
[Date "2024-06-17"]
[Round "5.64"]
[White "Toczylowski, Mateusz"]
[Black "Wasiluk, Dominik"]
[Result "0-1"]
[WhiteTitle "II"]
[BlackTitle "I"]
[WhiteElo "1458"]
[BlackElo "1709"]

1. e4 c5 2. Nf3 e6 3. d4 cxd4 4. Nxd4 Nf6 5. Nc3 d6 6. Be2 Be7 7. O-O O-O 8. Be3
Nc6 9. Kh1 Re8 10. f4 d5 11. e5 Nd7 12. Rf3 Nxd4 13. Bxd4 f6 14. Rg3 f5 15. Nb5
Bc5 16. Bxc5 Nxc5 17. Nd6 Re7 18. Bh5 Qd7 19. Qe2 b6 20. Nxc8 Rxc8 21. Bf3 Qa4
22. b3 Qxf4 23. Rf1 Qb4 24. Rd1 Rec7 25. Rc1 Qa3 26. Qd2 Nd3 27. Rd1 Nxe5 28.
Qe3 Qd6 29. c4 Nxf3 30. Qxf3 d4 31. Qf2 Rd8 32. Rgd3 Rcd7 33. Rxd4 Qxd4 34. Rxd4
Rxd4 35. h3 h6 36. Qe3 R8d6 37. Qf3 a5 38. c5 bxc5 39. Qa8+ Kh7 40. Qxa5 R4d5
41. a4 c4 42. Qb4 cxb3 43. Qxb3 e5 44. Qc2 e4 45. Qf2 Re5 46. Qf4 Rdd5 47. g4
e3 0-1

[Event "Druzynowe Mistrzostwa Polski Juniorow - II liga"]
[Site "Sypniewo k. Jastowia"]
[Date "2024-06-17"]
[Round "5.65"]
[White "Nowak, Zuzanna"]
[Black "Obukhava, Anastasiya"]
[Result "1/2-1/2"]
[WhiteTitle "I++"]
[BlackTitle "I++"]
[WhiteElo "1725"]
[BlackElo "1814"]

1. e4 c5 2. c3 Nf6 3. e5 Nd5 4. d4 cxd4 5. cxd4 d6 6. Bc4 Nb6 7. Bb3 e6 8. Qg4
dxe5 9. dxe5 Qc7 10. Qf4 Nc6 11. Nf3 Nd7 12. Ba4 Nc5 13. Bxc6+ bxc6 14. O-O Ba6
15. Rd1 Nd3 16. Qe4 Rd8 17. Bg5 Rd7 18. Nc3 Bc5 19. Bh4 Bb6 20. Na4 c5 21. Nxb6
axb6 22. Rxd3 Rxd3 23. Qa4+ Qd7 24. Qxa6 O-O 25. h3 b5 26. a4 Rd1+ 27. Rxd1 Qxd1+
28. Kh2 bxa4 29. Be7 Rb8 30. Qa7 Re8 31. Bxc5 h6 32. Qb6 Rc8 33. Be3 Rd8 34. Qb5
Rd7 1/2-1/2

[Event "Druzynowe Mistrzostwa Polski Juniorow - II liga"]
[Site "Sypniewo k. Jastowia"]
[Date "2024-06-17"]
[Round "5.66"]
[White "Galinska, Pola"]
[Black "Pietraszewska, Julia"]
[Result "1-0"]
[WhiteTitle "II+"]
[BlackTitle "II"]
[WhiteElo "1568"]
[BlackElo "1482"]

1. e4 e5 2. Nf3 Nf6 3. Nc3 Nc6 4. Bb5 Bc5 5. d3 d6 6. Bg5 Bd7 7. Nd5 Rg8 8. c3
h6 9. Be3 Bxe3 10. Nxe3 Qe7 11. Qe2 O-O-O 12. O-O-O Qe6 13. Bc4 Qe7 14. Rdf1 Be6
15. Nd5 Bxd5 16. Bxd5 Nxd5 17. exd5 Nb8 18. Nd2 Nd7 19. Qe3 Nb6 20. c4 Qd7 21.
f4 Rge8 22. Re1 Qc6 23. Kb1 Re7 24. Ne4 Rde8 25. Qh3+ Kb8 26. f5 Qd7 27. Qh5 Rh8
28. f6 gxf6 29. Nxf6 Qd8 30. Rhf1 Nd7 31. Nxd7+ Qxd7 32. Rf6 Rh7 33. Ref1 a6 34.
Rxh6 Rxh6 35. Qxh6 Qe8 36. Qf6 Rd7 37. Re1 Qg8 38. Qf5 Re7 39. g4 Qg6 40. Qe4
Qxe4 41. dxe4 Re8 42. Rf1 Rg8 43. h3 Rg7 44. Rf5 Kc8 45. Kc2 Kd7 46. Kd3 Ke7 47.
Ke3 Rh7 48. Rf3 Rh6 49. Kf2 Kf8 50. Kg3 Kg7 51. h4 f6 52. g5 fxg5 53. hxg5 Rg6
54. Kg4 c6 55. dxc6 bxc6 56. Rb3 Re6 57. Kf5 Rg6 58. Rb7+ Kf8 59. Kxg6 a5 60.
Kf6 c5 1-0

[Event "Druzynowe Mistrzostwa Polski Juniorow - II liga"]
[Site "Sypniewo k. Jastowia"]
[Date "2024-06-17"]
[Round "5.67"]
[White "Sowa, Roch"]
[Black "Niesporek, Franciszek"]
[Result "1-0"]
[WhiteTitle "I"]
[BlackTitle "I"]
[WhiteElo "1707"]
[BlackElo "1782"]

1. d4 g6 2. e4 Bg7 3. Nc3 d6 4. Be3 a6 5. Qd2 b5 6. O-O-O Bb7 7. f3 Nd7 8. h4 h5
9. Nh3 Rc8 10. Kb1 c5 11. dxc5 Nxc5 12. Ng5 Qa5 13. Bd4 Nf6 14. g3 b4 15. Ne2
Bc6 16. Nc1 Bb5 17. e5 Nfd7 18. exd6 e5 19. Bxc5 Nxc5 20. Nb3 1-0

[Event "Druzynowe Mistrzostwa Polski Juniorow - II liga"]
[Site "Sypniewo k. Jastowia"]
[Date "2024-06-17"]
[Round "5.68"]
[White "Zimny, Karol"]
[Black "Wolak, Maciej"]
[Result "1/2-1/2"]
[WhiteTitle "II"]
[BlackTitle "II"]
[WhiteElo "1725"]
[BlackElo "1806"]

1. e4 c5 2. Nf3 g6 3. c3 Bg7 4. d4 cxd4 5. cxd4 d5 6. e5 Nc6 7. Bb5 Bg4 8. O-O
Nh6 9. Bxh6 Bxh6 10. h3 Bxf3 11. Qxf3 O-O 12. Bxc6 bxc6 13. Qc3 Qb6 14. Nd2 f6
15. Nf3 Rab8 16. b3 Rfc8 17. exf6 exf6 18. Rfe1 Re8 19. Rxe8+ Rxe8 20. Re1 Rxe1+
21. Qxe1 Kf7 22. b4 Qb5 23. Qc3 Qa4 24. g4 Bf4 25. Kg2 Qb5 26. Qa3 a6 27. Qc3
Bd6 28. a3 Bf4 29. Qb3 a5 30. Qc2 axb4 31. axb4 Bd6 32. g5 Qc4 33. Qa4 Bxb4 34.
gxf6 Kxf6 35. Qa7 Qe2 36. Qb7 c5 1/2-1/2

[Event "Druzynowe Mistrzostwa Polski Juniorow - II liga"]
[Site "Sypniewo k. Jastowia"]
[Date "2024-06-17"]
[Round "5.69"]
[White "Wolak, Jan"]
[Black "Lassak, Franciszek"]
[Result "1/2-1/2"]
[WhiteTitle "II"]
[BlackTitle "II"]
[WhiteElo "1793"]
[BlackElo "1533"]

1. c4 c5 2. Nc3 e6 3. e4 Nc6 4. g3 g6 5. Bg2 Bg7 6. Nge2 b6 7. O-O a6 8. d3 Nge7
9. Rb1 O-O 10. Be3 Bb7 11. a3 Nd4 12. b4 Bc6 13. f4 d5 14. g4 dxc4 15. dxc4 f5
16. gxf5 gxf5 17. e5 Bxg2 18. Kxg2 Nec6 19. Na4 Nxe2 20. Qxe2 Nd4 21. Qf2 Qd7
22. bxc5 Qxa4 23. Bxd4 bxc5 24. Bxc5 Rfc8 25. Bd6 Qxc4 26. Kg1 Kh8 27. h3 Rd8
28. Kh2 Rg8 29. Rbc1 Qe4 30. Qf3 Qxf3 31. Rxf3 Bh6 32. Be7 Rg6 33. Bf6+ Kg8 34.
Rc6 Rb8 1/2-1/2

[Event "Druzynowe Mistrzostwa Polski Juniorow - II liga"]
[Site "Sypniewo k. Jastowia"]
[Date "2024-06-17"]
[Round "5.70"]
[White "Karnowka, Kacper"]
[Black "Kopia, Julian"]
[Result "1-0"]
[WhiteTitle "II"]
[BlackTitle "I"]
[WhiteElo "1510"]
[BlackElo "1563"]

1. e4 c5 2. Nf3 e6 3. c3 d5 4. e5 Bd7 5. d4 Qb6 6. a3 Bb5 7. Bxb5+ Qxb5 8. b4 cxd4
9. cxd4 a5 10. bxa5 Nc6 11. Nc3 Qxa5 12. Bd2 Qa6 13. Qb1 Nb4 14. Be3 Qc4 15. Kd2
Nc6 16. Ng5 Nxd4 17. Qxb7 Rc8 18. Qxf7+ Kd8 19. Qxf8+ Kc7 20. Qd6+ Kb7 21. Rhb1+
1-0

[Event "Druzynowe Mistrzostwa Polski Juniorow - II liga"]
[Site "Sypniewo k. Jastowia"]
[Date "2024-06-17"]
[Round "5.71"]
[White "Branka, Julia"]
[Black "Nieckarz, Maja"]
[Result "0-1"]
[WhiteTitle "I"]
[BlackTitle "I++"]
[WhiteElo "1671"]
[BlackElo "1745"]

1. e4 c5 2. g3 d6 3. Bg2 Nc6 4. Ne2 g6 5. O-O Bg7 6. c3 Nf6 7. d4 cxd4 8. cxd4
O-O 9. Nbc3 Bd7 10. Bf4 Na5 11. b3 Rc8 12. Rc1 Nc6 13. Qd2 e5 14. Bg5 Ne7 15.
Rfd1 Bc6 16. dxe5 dxe5 17. Qd6 Qxd6 18. Rxd6 Ne8 19. Bxe7 Nxd6 20. Bxd6 Rfd8 21.
Bb4 Bh6 22. Rd1 Rxd1+ 23. Nxd1 b6 24. Nec3 Bf8 25. Bxf8 Kxf8 26. Kf1 Rd8 27. Ke1
a5 28. a4 Rd4 29. f3 Rb4 30. Kd2 Rxb3 31. Kc2 Rb4 32. Nb2 f5 33. Kc1 fxe4 34.
fxe4 Rd4 35. Bf3 Ke7 36. Kc2 Kf6 37. Bg2 g5 38. g4 h5 39. h3 h4 40. Bf3 Ke6 41.
Kc1 Rd8 42. Be2 Rf8 43. Nd3 Bb7 44. Kd2 Rd8 45. Kc2 Ba6 46. Nd5 Bxd3+ 47. Bxd3
Rf8 48. Kd2 Rf3 49. Ne3 Rxh3 50. Nf1 Rf3 51. Ke2 Rf4 52. Nh2 Kd6 53. Ke3 Kc5 54.
Bb5 Kb4 55. Bc6 Kc3 56. Bb5 Kb3 57. Bc6 Rf6 58. Bb5 h3 59. Nf3 Ka3 60. Kf2 h2
61. Kg2 Rxf3 62. Kxh2 Rf4 63. Kg3 Rxe4 64. Kf3 Rxa4 65. Bxa4 Kxa4 66. Ke4 b5 67.
Kxe5 b4 68. Kf5 b3 69. Kxg5 b2 70. Kh6 b1=Q 71. g5 Qb8 72. g6 Qg8 0-1

[Event "Druzynowe Mistrzostwa Polski Juniorow - II liga"]
[Site "Sypniewo k. Jastowia"]
[Date "2024-06-17"]
[Round "5.73"]
[White "Panasiuk, Piotr"]
[Black "Siwek, Leon"]
[Result "0-1"]
[WhiteTitle "II"]
[BlackTitle "II"]
[WhiteElo "1517"]
[BlackElo "1602"]

1. d4 f5 2. Nf3 Nf6 3. g3 e6 4. Bg2 d5 5. c4 Bb4+ 6. Bd2 Bxd2+ 7. Nbxd2 c6 8. Ne5
Nbd7 9. Ndf3 Qa5+ 10. Qd2 Qxd2+ 11. Kxd2 Ne4+ 12. Ke1 O-O 13. e3 Ndf6 14. h3 a5
15. Rc1 a4 16. Bf1 Bd7 17. Bd3 Be8 18. Kf1 Bh5 19. Kg2 h6 20. Rc2 Ra7 21. Rb1
Bxf3+ 22. Nxf3 Nd7 23. b4 axb3 24. Rxb3 Rfa8 25. Rcb2 Rxa2 26. Rxb7 Ndf6 27. Ne5
c5 28. Bxe4 Nxe4 29. f3 Nd6 30. Rb8+ Kh7 31. dxc5 Nxc4 32. Nxc4 dxc4 33. Kf1 c3
34. Rxa2 Rxa2 35. Rb1 Rh2 36. Kg1 c2 37. Rc1 Rd2 38. c6 Rd1+ 39. Kf2 Rxc1 40.
c7 0-1

[Event "Druzynowe Mistrzostwa Polski Juniorow - II liga"]
[Site "Sypniewo k. Jastowia"]
[Date "2024-06-17"]
[Round "5.74"]
[White "Broszkiewicz, Stanislaw"]
[Black "Tanski, Wojciech"]
[Result "1-0"]
[WhiteTitle "II+"]
[BlackTitle "III"]
[WhiteElo "1700"]
[BlackElo "1441"]

1. d4 d5 2. c4 e6 3. Nf3 Nf6 4. Nc3 Be7 5. Bf4 O-O 6. e3 a6 7. cxd5 Nxd5 8. Nxd5
exd5 9. Qc2 c6 10. Bd3 Qa5+ 11. Nd2 g6 12. h4 Bb4 13. Rd1 f5 14. h5 Bxd2+ 15.
Rxd2 Qxa2 16. hxg6 Qa1+ 17. Rd1 Qa5+ 18. Ke2 hxg6 19. Rh6 Kf7 20. g4 Nd7 21. gxf5
gxf5 22. Bxf5 Nf6 23. Bxc8 Qb5+ 24. Kf3 Raxc8 25. Qf5 Ke7 26. Bg5 Kd6 27. Rxf6+
Rxf6 28. Bxf6 Rf8 29. Be5+ Ke7 30. Bd6+ Kxd6 31. Qxf8+ Kc7 32. Qc5 Qxb2 33. Qe7+
Kb6 34. Qh7 Ka5 35. Rb1 Qa3 36. Qxb7 Qf8+ 37. Ke2 Qa3 38. Qb6+ Ka4 39. Qxa6# 1-0

[Event "Druzynowe Mistrzostwa Polski Juniorow - II liga"]
[Site "Sypniewo k. Jastowia"]
[Date "2024-06-17"]
[Round "5.75"]
[White "Kopacki, Aleksander"]
[Black "Wojciechowski, Szymon"]
[Result "0-1"]
[WhiteTitle "I"]
[BlackTitle "I"]
[WhiteElo "1782"]
[BlackElo "1837"]

1. e4 c5 2. Nf3 d6 3. d4 cxd4 4. Nxd4 Nf6 5. Nc3 Nc6 6. Bg5 e6 7. Qd2 a6 8. O-O-O
Bd7 9. f4 Be7 10. Nf3 h6 11. Bxf6 gxf6 12. f5 b5 13. fxe6 fxe6 14. Ne2 Qa5 15.
Qxa5 Nxa5 16. Nf4 Rg8 17. g3 Kf7 18. Bh3 Rad8 19. Rhf1 Nc4 20. Rd3 Bc8 21. Rc3
e5 22. Bxc8 Rxc8 23. Nd5 Rg4 24. Re1 Bd8 25. b3 Nb6 26. Rxc8 Nxc8 27. Nh4 Ke6
28. Nf5 h5 29. h3 Rg8 30. Rd1 Ne7 31. Nxf6 Nxf5 32. Nxg8 Nxg3 33. Re1 h4 34. Kb2
Bg5 35. a4 b4 36. Rd1 Nxe4 37. Re1 d5 38. Rf1 Bf4 39. Rg1 Ng3 40. c3 bxc3+ 41.
Kc2 Kf7 42. b4 Kxg8 43. b5 axb5 44. axb5 d4 45. b6 e4 46. b7 Be5 47. Rb1 d3+ 48.
Kc1 Ne2+ 0-1

[Event "Druzynowe Mistrzostwa Polski Juniorow - II liga"]
[Site "Sypniewo k. Jastowia"]
[Date "2024-06-17"]
[Round "5.76"]
[White "Sniedziewski, Emil"]
[Black "Tanski, Jakub"]
[Result "1-0"]
[WhiteTitle "II+"]
[BlackTitle "III"]
[WhiteElo "1838"]
[BlackElo "1416"]

1. e4 c5 2. Nc3 d6 3. Nge2 Nf6 4. g3 Nc6 5. Bg2 e6 6. d4 cxd4 7. Nxd4 Nxd4 8. Qxd4
Bd7 9. O-O Be7 10. h3 O-O 11. Be3 a6 12. Rfd1 Bc6 13. a4 Qc7 14. a5 Nd7 15. Na4
Bxa4 16. Qxa4 Nc5 17. Qa2 Rfd8 18. c4 Rac8 19. b4 Nd7 20. Rac1 Bf6 21. f4 e5 22.
f5 h6 23. Kh2 Bg5 24. Bxg5 hxg5 25. Qd2 Nf6 26. Qxg5 b6 27. axb6 Qxb6 28. Qd2
Rb8 29. Rb1 Rbc8 30. Rdc1 Rd7 31. b5 axb5 32. cxb5 Rxc1 33. Rxc1 Qxb5 34. Rc8+
Kh7 35. g4 Qb7 36. Rf8 Nxe4 37. Qe1 g5 38. Bxe4 Qb2+ 39. Kh1 Rc7 40. f6+ Kh6 41.
Rh8# Rc1 1-0

[Event "Druzynowe Mistrzostwa Polski Juniorow - II liga"]
[Site "Sypniewo k. Jastowia"]
[Date "2024-06-17"]
[Round "5.78"]
[White "Kaczmarczyk, Dominika"]
[Black "Woytitzki, Sophie"]
[Result "0-1"]
[WhiteTitle "II"]
[BlackTitle "I"]
[WhiteElo "1407"]
[BlackElo "1583"]

1. e4 e5 2. Nf3 Nc6 3. d4 exd4 4. Bc4 Nf6 5. e5 d5 6. Bb5 Ne4 7. Nxd4 Bd7 8. Bxc6
Bxc6 9. O-O Bd7 10. f3 Ng5 11. f4 Ne4 12. Be3 Bc5 13. Nd2 Qh4 14. N2f3 Qg4 15.
Qe1 h5 16. Qa5 h4 17. h3 Qg3 18. Qe1 Qxe1 19. Raxe1 Ng3 20. Rf2 O-O-O 21. Kh2
Ne4 22. Rff1 Ng3 23. Rf2 Bxd4 24. Bxd4 c5 25. Bc3 Ne4 26. Rfe2 Bb5 27. Re3 Ng3
28. Bd2 Nf1+ 29. Rxf1 Bxf1 30. Ng5 d4 31. Re1 Bc4 32. b3 Bd5 33. f5 f6 34. Ne6
Bxe6 35. fxe6 fxe5 36. Rxe5 b6 37. Rg5 Rh7 38. e7 Re8 39. Re5 Kd7 40. Bg5 g6 41.
Kg1 Rexe7 42. Bxe7 Rxe7 43. Rg5 Re2 44. Rxg6 Rxc2 45. Rg7+ Kc6 46. Rg6+ Kd5 47.
Rg5+ Ke4 48. Rg4+ Ke3 49. Rxh4 d3 50. Rh7 d2 51. Re7+ Kf4 52. Rf7+ Ke5 53. Rd7
Rc1+ 54. Kf2 d1=Q 55. Rd6 Qd2+ 56. Rxd2 Rd1 57. g4 Rxd2+ 58. Kg3 Rxa2 59. g5 Kf5
60. h4 Ra3 61. Kf3 Rxb3+ 62. Kg2 a5 63. h5 Kxg5 64. h6 Kxh6 65. Kf2 a4 66. Ke2
Kg5 67. Kd2 Kf4 68. Kc2 Ke4 69. Kc1 Kd3 70. Kd1 Rb1# 0-1

[Event "Druzynowe Mistrzostwa Polski Juniorow - II liga"]
[Site "Sypniewo k. Jastowia"]
[Date "2024-06-17"]
[Round "5.79"]
[White "Pulit, Kacper"]
[Black "Zmarzly, Wiktor"]
[Result "0-1"]
[WhiteTitle "II+"]
[BlackTitle "I+"]
[WhiteElo "1728"]
[BlackElo "1891"]

1. e4 g6 2. d4 Bg7 3. Nc3 c6 4. f4 d5 5. e5 Nh6 6. Nf3 f6 7. Be2 fxe5 8. fxe5 O-O
9. Bg5 Bg4 10. Qd2 Nf5 11. Nh4 Bxe2 12. Nxe2 c5 13. Nxf5 Rxf5 14. Ng3 Rxg5 15.
Qxg5 cxd4 16. O-O Nc6 17. Rae1 e6 18. Qg4 Qe7 19. Kh1 Nxe5 20. Qh3 Re8 21. Ne2
Nc4 22. Nf4 Ne3 23. Rf3 e5 24. Rfxe3 dxe3 25. Nxd5 Qf7 26. Nxe3 Qxa2 27. Qd7 Qf7
28. Qa4 a6 29. Rf1 Qe6 30. Rd1 Rf8 31. Qe4 b5 32. h3 Bh6 33. Ng4 Bf4 34. Re1 h5
35. Ne3 Kg7 36. Nd5 Qf5 37. Nxf4 exf4 38. Qxf5 Rxf5 39. Re7+ Kh6 40. Ra7 Rf6 41.
h4 g5 42. hxg5+ Kxg5 43. Kg1 Rd6 44. Rc7 Rd2 45. b4 f3 46. gxf3 Kf4 47. Rh7 Kg3
48. Kf1 h4 49. f4 h3 50. Ke1 Rxc2 51. f5 h2 0-1

[Event "Druzynowe Mistrzostwa Polski Juniorow - II liga"]
[Site "Sypniewo k. Jastowia"]
[Date "2024-06-17"]
[Round "5.80"]
[White "Reterski, Wiktor"]
[Black "Penar, Marcin"]
[Result "1-0"]
[WhiteTitle "II+"]
[BlackTitle "II"]
[WhiteElo "1666"]
[BlackElo "1715"]

1. d4 Nf6 2. c4 g6 3. Nc3 Bg7 4. Nf3 O-O 5. Bg5 d6 6. e3 Nbd7 7. Be2 b6 8. O-O
Bb7 9. Qd2 Ne4 10. Nxe4 Bxe4 11. Rad1 h6 12. Bh4 g5 13. Bg3 e5 14. dxe5 Nxe5 15.
Bxe5 dxe5 16. Qc3 Qe7 17. Nd2 Bb7 18. e4 Rad8 19. f3 c5 20. Rfe1 Rd7 21. Nf1 Rfd8
22. Rxd7 Rxd7 23. Ne3 Qd8 24. Nd5 Kh8 25. Qb3 f5 26. a4 Bxd5 27. cxd5 fxe4 28.
fxe4 Rf7 29. Rd1 Qf6 30. Rf1 Qg6 31. Rxf7 Qxf7 32. a5 Qf4 33. Qc2 Qe3+ 34. Kh1
bxa5 35. h3 Bf6 36. Qc4 Be7 37. Qa6 Qc1+ 38. Kh2 Qxb2 39. Qxh6+ Kg8 40. d6 Qc1
41. Qe6+ Kh8 42. Qxe5+ Kg8 43. dxe7 1-0

[Event "Druzynowe Mistrzostwa Polski Juniorow - II liga"]
[Site "Sypniewo k. Jastowia"]
[Date "2024-06-17"]
[Round "5.81"]
[White "Balis, Sebastian"]
[Black "Feseniuk, Pavlo"]
[Result "1-0"]
[WhiteTitle "I"]
[BlackTitle "II"]
[WhiteElo "1675"]
[BlackElo "1683"]

1. e4 e5 2. Nf3 Nc6 3. Bc4 Bc5 4. O-O Nf6 5. d3 d6 6. c3 a6 7. a4 Ba7 8. Nbd2 O-O
9. Re1 Ng4 10. Re2 Kh8 11. h3 Nh6 12. Nf1 f5 13. Bxh6 gxh6 14. Re1 fxe4 15. dxe4
Qf6 16. N1h2 Qh4 17. Nxh4 Bxf2+ 18. Kh1 Bxh4 19. Rf1 Bd7 20. Qh5 Bg5 1-0

[Event "Druzynowe Mistrzostwa Polski Juniorow - II liga"]
[Site "Sypniewo k. Jastowia"]
[Date "2024-06-17"]
[Round "5.82"]
[White "Wasilewski, Mateusz"]
[Black "Schiller, Marcin"]
[Result "1-0"]
[WhiteTitle "II"]
[BlackTitle "II+"]
[WhiteElo "1615"]
[BlackElo "1636"]

1. d4 d5 2. c4 e6 3. Nf3 Nf6 4. e3 c5 5. Nc3 Nc6 6. a3 a6 7. dxc5 Bxc5 8. b4 Ba7
9. cxd5 exd5 10. Be2 O-O 11. O-O Bg4 12. h3 Bh5 13. Bb2 Qd6 14. Qd2 Rad8 15. Rfd1
Bb8 16. g3 Qe6 17. Kg2 Rfe8 18. Re1 Ne4 19. Nxe4 Qxe4 20. Rad1 Be5 21. g4 Bxg4
22. hxg4 Qxg4+ 23. Kh1 Qh3+ 24. Kg1 Bxb2 25. Qxb2 Re6 26. Ng5 Rg6 27. f4 Qg3+
28. Kf1 Rh6 29. Bf3 f6 30. Qa2 Ne7 31. Rxd5 Rxd5 32. Bxd5+ Kf8 33. Ne6+ Kf7 34.
Nd8+ Ke8 35. Nxb7 Rh2 36. Re2 Qh3+ 37. Ke1 Qg3+ 38. Kd2 Rh3 39. Nd6+ Kf8 40. Bg2
1-0

[Event "Druzynowe Mistrzostwa Polski Juniorow - II liga"]
[Site "Sypniewo k. Jastowia"]
[Date "2024-06-17"]
[Round "5.83"]
[White "Kretowicz, Daria"]
[Black "Gorecka, Laura"]
[Result "1-0"]
[WhiteTitle "I"]
[BlackTitle "I"]
[WhiteElo "1544"]
[BlackElo "1529"]

1. e4 c5 2. Nf3 d6 3. d4 cxd4 4. Nxd4 Nf6 5. Nc3 Nc6 6. f3 Bd7 7. Be3 a6 8. Qd2
Rc8 9. O-O-O b5 10. g4 b4 11. Nce2 Qa5 12. Kb1 Nxd4 13. Nxd4 Qc7 14. h4 a5 15.
Bb5 Bxb5 16. Nxb5 Qc4 17. Nd4 a4 18. Qd3 Qxd3 19. Rxd3 Rb8 20. Nc6 Rb7 21. Bd2
e6 22. g5 Nd7 23. Nxb4 Ne5 24. Rc3 Rxb4 25. Rc8+ Kd7 26. Rxf8 Rxb2+ 27. Kxb2 Rxf8
28. f4 Rb8+ 29. Kc3 Nf3 30. Be3 e5 31. f5 Rc8+ 32. Kd3 Nd4 33. Bxd4 exd4 34. Kxd4
Rxc2 35. a3 Ra2 36. Rh3 Kc6 37. Rc3+ Kb5 38. Rc7 Rxa3 39. Rxf7 Rb3 40. Rb7+ Kc6
41. Rxg7 a3 42. Rxh7 Rb7 43. Rxb7 Kxb7 44. Kc3 Kc7 45. g6 d5 46. exd5 Kd6 47.
g7 a2 48. Kb2 Kxd5 49. g8=Q+ Ke5 50. Qxa2 Kxf5 51. Qf7+ Kg4 52. Kc2 Kxh4 53. Qg6
Kh3 54. Kd2 Kh4 55. Ke2 Kh3 56. Kf3 Kh4 57. Qg4# 1-0

[Event "Druzynowe Mistrzostwa Polski Juniorow - II liga"]
[Site "Sypniewo k. Jastowia"]
[Date "2024-06-17"]
[Round "5.85"]
[White "Serewa, Antoni"]
[Black "Mosny, Kamil"]
[Result "1/2-1/2"]
[WhiteTitle "I"]
[BlackTitle "I"]
[WhiteElo "1890"]
[BlackElo "1943"]

1. Nf3 Nf6 2. g3 d5 3. Bg2 e6 4. O-O Be7 5. d4 b5 6. b3 b4 7. a3 c5 8. dxc5 Bxc5
9. axb4 Bxb4 10. Bb2 O-O 11. Ne5 Bb7 12. Nd2 Qe7 13. c3 Bc5 14. c4 Rd8 15. Qc2
Na6 16. Rac1 Nb4 17. Qb1 d4 18. Bxb7 Qxb7 19. Rfd1 Rd6 20. Ndf3 Ne4 21. Nd3 Nxd3
22. Rxd3 Rb6 23. Bxd4 Bxd4 24. Rxd4 Nc5 25. Rcd1 g6 26. Qb2 Qe7 27. b4 Rab8 28.
b5 a6 29. Qd2 axb5 30. Rd8+ Rxd8 31. Qxd8+ Qxd8 32. Rxd8+ Kg7 33. cxb5 1/2-1/2

[Event "Druzynowe Mistrzostwa Polski Juniorow - II liga"]
[Site "Sypniewo k. Jastowia"]
[Date "2024-06-17"]
[Round "5.86"]
[White "Bochenek, Piotr"]
[Black "Rzenca, Jerzy"]
[Result "0-1"]
[WhiteTitle "II+"]
[BlackTitle "I"]
[WhiteElo "1796"]
[BlackElo "1875"]

1. d4 d5 2. c4 e6 3. Nf3 Nf6 4. Nc3 Be7 5. e3 O-O 6. Bd3 c5 7. O-O Nc6 8. b3 cxd4
9. exd4 b6 10. Bb2 Ba6 11. a3 Na5 12. Ne5 Rc8 13. Nb5 Bxb5 14. cxb5 Nd7 15. Qh5
g6 16. Qh3 Nxe5 17. dxe5 Nxb3 18. Bxg6 fxg6 19. Qxb3 Bc5 20. Qh3 Qd7 21. a4 Rf5
22. Kh1 Rxf2 23. Rxf2 Bxf2 24. Rf1 Rf8 25. Ba3 Bc5 26. Rxf8+ Bxf8 27. Bxf8 Kxf8
28. Kg1 Qe7 29. Qc3 Qh4 30. Qf3+ Kg8 31. Qc3 d4 32. Qc8+ Kg7 33. Qc7+ Kh6 34.
g3 Qe4 35. Qd6 d3 36. Qf8+ Kh5 37. Qe7 d2 38. Qxh7+ Kg4 39. Qh4+ Kf3 40. Qf6+
Qf5 0-1